000 00884cab a2200277 4500
001 WB2923-49
008 090401t1993 xxu||||| |||| 00| 0 eng d
035 _a(Sirsi) u54466
041 _aeng
245 _aChanging Spanish practices
260 _c1993
350 _a0
490 _aTimes
_v17 June 1993, 20(1)
520 _aA new code of conduct is being drawn up by estate agents, developers and vendors in Spain in an attempt to provide additional protection for British buying property in Spain.
650 _aCODE OF PRACTICE
650 _aCOLLEGE OF REAL ESTATE AGENTS
650 _aESTATE AGENTS
650 _aFEDERATION OF BUILDERS AND PROMOTERS
650 _aFOPDAC
650 _aPROPERTY PURCHASE
650 _aSPAIN
690 _aOVERSEAS-EUROPE
690 _aMANAGEMENT-BUSINESS MANAGEMENT-PROFESSIONAL PRACTICE
942 _n0
948 _c04/03/1997
999 _c33386
_d33386